<?xml version="1.0" encoding="UTF-8"?>
<record
    xmlns:xsi="http://www.w3.org/2001/XMLSchema-instance"
    xsi:schemaLocation="http://www.loc.gov/MARC21/slim http://www.loc.gov/standards/marcxml/schema/MARC21slim.xsd"
    xmlns="http://www.loc.gov/MARC21/slim">

  <leader>01558nam a22002297a 4500</leader>
  <controlfield tag="003">IT-MiCISF</controlfield>
  <controlfield tag="005">20240619144241.0</controlfield>
  <controlfield tag="008">240619b        |||||||| |||| 00| 0 eng d</controlfield>
  <datafield tag="020" ind1=" " ind2=" ">
    <subfield code="a">9788892240209</subfield>
  </datafield>
  <datafield tag="040" ind1=" " ind2=" ">
    <subfield code="c">IT-MiCISF</subfield>
  </datafield>
  <datafield tag="041" ind1=" " ind2=" ">
    <subfield code="a">it</subfield>
  </datafield>
  <datafield tag="100" ind1=" " ind2=" ">
    <subfield code="a">Centro Internazionale Studi Famiglia</subfield>
    <subfield code="9">60436</subfield>
  </datafield>
  <datafield tag="245" ind1=" " ind2=" ">
    <subfield code="a">Famiglia &amp; digitale. </subfield>
    <subfield code="b">Costi e opportunit&#xE0;</subfield>
  </datafield>
  <datafield tag="260" ind1=" " ind2=" ">
    <subfield code="a">Cinisello B.(MI), </subfield>
    <subfield code="b">San Paolo, </subfield>
    <subfield code="c">2022</subfield>
  </datafield>
  <datafield tag="300" ind1=" " ind2=" ">
    <subfield code="a">pp. 204</subfield>
  </datafield>
  <datafield tag="500" ind1=" " ind2=" ">
    <subfield code="a">famiglia, nuovi-media, cisf, pandemia, rapporti-familiari, economia</subfield>
  </datafield>
  <datafield tag="520" ind1=" " ind2=" ">
    <subfield code="a">Il digitale e le ITC sembrano aver conquistato, anche grazie alla pandemia, uno spazio ampio e consolidato all'interno della vita quotidiana e delle relazioni delle famiglie italiane, in particolare di quelle con figli minori. Anche le risorse economiche dedicate ai "consumi digitali- risultano molto sostenute, a prescindere dalle alterne vicende dei redditi familiari, perch&#xE9; si tratta ormai di "beni necessari-. Ma questo scenario &#xE8; solo una delle numerose sfide che le famiglie devono oggi affrontare e a cui devono provare ad adattarsi, non solo nel nostro Paese. Viviamo una "supersociet&#xE0;", globalizzata e ipertecnologica, individualistica e "postfamiliare", che alimenta un processo generale di crescente instabilit&#xE0; e complessit&#xE0;, che ogni attore sociale -- e soprattutto ogni famiglia -- deve saper affrontare e interpretare</subfield>
  </datafield>
  <datafield tag="650" ind1=" " ind2=" ">
    <subfield code="a">Massmedia</subfield>
    <subfield code="9">56060</subfield>
  </datafield>
  <datafield tag="654" ind1=" " ind2=" ">
    <subfield code="a">saggio</subfield>
  </datafield>
  <datafield tag="700" ind1=" " ind2=" ">
    <subfield code="a">Belletti F., Colella M.P., Menon M., Nanetti S., Pasta S., Perali F., Rossini R.</subfield>
    <subfield code="9">60783</subfield>
  </datafield>
  <datafield tag="942" ind1=" " ind2=" ">
    <subfield code="2">ddc</subfield>
    <subfield code="c">BK</subfield>
  </datafield>
  <datafield tag="999" ind1=" " ind2=" ">
    <subfield code="c">360126</subfield>
    <subfield code="d">360128</subfield>
  </datafield>
  <datafield tag="952" ind1=" " ind2=" ">
    <subfield code="0">0</subfield>
    <subfield code="1">0</subfield>
    <subfield code="2">ddc</subfield>
    <subfield code="4">0</subfield>
    <subfield code="6">A_2467_000000000000000</subfield>
    <subfield code="7">1</subfield>
    <subfield code="a">CISF</subfield>
    <subfield code="b">CISF</subfield>
    <subfield code="d">2024-06-19</subfield>
    <subfield code="l">0</subfield>
    <subfield code="o">A2467</subfield>
    <subfield code="p">9788892240209</subfield>
    <subfield code="r">2024-06-19 14:42:59</subfield>
    <subfield code="w">2024-06-19</subfield>
    <subfield code="y">BK</subfield>
  </datafield>
</record>
